00301nam a2200121Ia 4500008004100000082002000041100002300061245003400084250000800118260002600126300001000152650001700162150201s2007 xx 000 0 und d a617.966bH2007M aMALAMED,STANLEY F. aHAND BOOK OF LOCAL ANESTHESIA a5TH bELSEVIERaDELHIc2007 a1-400 aORAL SURGERY